Normal view
MARC view
Entry Topical Term
001 - CONTROL NUMBER
- control field: 1115183
003 - CONTROL NUMBER IDENTIFIER
- control field: OSt
005 - DATE AND TIME OF LATEST TRANSACTION
- control field: 20260211124900.0
008 - FIXED-LENGTH DATA ELEMENTS
- fixed length control field: 260211|| aca||aabn | a|a d
040 ## - CATALOGING SOURCE
- Original cataloging agency: OSt
- Transcribing agency: OSt
150 ## - HEADING--TOPICAL TERM
- Topical term or geographic name entry element: हिन्दी कविता
670 ## - SOURCE DATA FOUND
- Source citation: Work cat.: (OSt)1679296: मुद्राराक्षस 1115182, नेमिचन्द्र जैन , 2008.
